[Event "the leisure version for good players over 2300"]
[Site "SchemingMind.com"]
[Date "2018.07.28"]
[Round "-"]
[White "Apocalypse"]
[Black "Keithk"]
[Result "1/2-1/2"]
[WhiteCountry "USA"]
[BlackCountry "ENG"]
[WhiteElo "2449"]
[WhiteRD "90"]
[BlackElo "2540"]
[BlackRD "61"]
[GameID "430742"]

1. d4 Nf6 2. Bg5 d5 3. e3 c5 4. Nc3 Nc6 5. Bxf6 gxf6 6. Nf3 cxd4 7. Nxd4 e5 8. Nxc6 bxc6 9. Qd2 Be7 10. Ne2 Rb8
11. b3 Qd6 12. Rc1 f5 13. c3 a5 14. g3 O-O 15. Bg2 a4 16. Qc2 Be6 17. Rb1 axb3 18. axb3 c5 19. O-O Rfd8 20. Rfd1 Qa6
21. Bh3 Qc8 22. Bg2 Bf8 23. Qc1 Qc7 24. Rb2 Be7 25. Qb1 Bf6 26. Bh3 Qc8 27. b4 Rb5 28. Bf1 Rb7 29. Rdd2 Be7 30. bxc5 Rc7
31. Bh3 Rxc5 32. Rb7 Bf6 33. Rdb2 Ra5 34. Rb8 Qa6 35. R8b6 Qa8 36. Rb8 Ra1 37. Rxa8 Rdxa8 38. f4 Rxb1+ 39. Rxb1 e4 40. Nd4 Kf8
41. Rb6 Ra1+ 42. Bf1 Bxd4 43. cxd4 Ra2 44. Ra6 Rc2 45. Ra8+ Kg7 46. Ra5= Rb2 47. Ba6 h6=
1/2-1/2

[Event "the leisure version for good players over 2300"]
[Site "SchemingMind.com"]
[Date "2018.07.30"]
[Round "-"]
[White "Keithk"]
[Black "Apocalypse"]
[Result "1/2-1/2"]
[WhiteCountry "ENG"]
[BlackCountry "USA"]
[WhiteElo "2540"]
[WhiteRD "61"]
[BlackElo "2449"]
[BlackRD "90"]
[GameID "430743"]

1. e4 c5 2. Nf3 d6 3. d4 cxd4 4. Nxd4 Nf6 5. Nc3 g6 6. Be3 Bg7 7. f3 O-O 8. Qd2 Nc6 9. Bc4 Bd7 10. Bb3 Nxd4
11. Bxd4 b5 12. h4 a5 13. h5 a4 14. Bd5 b4 15. Bxf6 exf6 16. Ne2 Ra5 17. Qxb4 Qc7 18. Qd2 f5 19. Rd1 fxe4 20. Bxe4 Be6
21. b3 axb3 22. axb3 d5 23. Bd3 Re8 24. Kf1 Bd7 25. Re1 d4 26. Bc4 Be6 27. Bxe6 Rxe6 28. hxg6 hxg6 29. Nxd4 Rxe1+ 30. Qxe1 Re5
31. Qa1 Qd7 32. c3 Qc8 33. Rh4 Re3 34. Ne2 Qd8 35. Re4 Rxe4 36. fxe4 Qf6+ 37. Kg1 Qh4 38. Qb1 Be5 39. b4 Kh7 40. c4 f5
41. exf5 Bd4+ 42. Nxd4 Qxd4+ 43. Kf1 Qxc4+= 44. Ke1 Qh4+ 45. Ke2 Qg4+ 46. Ke3 gxf5=
1/2-1/2

[Event "the leisure version for good players over 2300"]
[Site "SchemingMind.com"]
[Date "2019.06.25"]
[Round "-"]
[White "Apocalypse"]
[Black "Robert Bruce"]
[Result "0-1"]
[WhiteCountry "USA"]
[BlackCountry "SCO"]
[WhiteElo "2276"]
[WhiteRD "84"]
[BlackElo "2443"]
[BlackRD "66"]
[GameID "442644"]

1. e4 Nf6 2. e5 Nd5 3. Nc3 e6 4. Nxd5 exd5 5. d4 d6 6. Nf3 Nd7 7. Bd3 dxe5 8. Nxe5 Nxe5 9. dxe5 g6 10. b3 Bg7
11. Bb2 Qg5 12. O-O Qf4 13. g3 Qb4 14. a4 Be6 15. Re1 Qe7 16. f4 c5 17. a5 h5 18. Ba3 Rc8 19. c4 d4 20. Be4 Qd7
21. Qf3 Rc7 22. Qd3 Bf8 23. Bc1 h4 24. Ra2 Qc8
0-1

[Event "the leisure version for good players over 2300"]
[Site "SchemingMind.com"]
[Date "2019.06.25"]
[Round "-"]
[White "Robert Bruce"]
[Black "Apocalypse"]
[Result "1-0"]
[WhiteCountry "SCO"]
[BlackCountry "USA"]
[WhiteElo "2443"]
[WhiteRD "66"]
[BlackElo "2276"]
[BlackRD "84"]
[GameID "442645"]

1. d4 f5 2. g3 Nf6 3. Bg2 g6 4. Nf3 Bg7 5. b4 Nc6 6. b5 Na5 7. O-O Ne4 8. Bf4 O-O 9. Qd3 d6 10. Nc3 d5
11. h4 e6 12. Ne5 c5 13. dxc5 Nxc5 14. Qd2 Nd7 15. Bg5 Nf6 16. a4 Qd6 17. Bf4 Nh5 18. Qd4 h6 19. Rad1 g5 20. hxg5 hxg5
21. Nxd5 exd5 22. Bxd5+ Be6 23. Ba2
1-0

[Event "the leisure version for good players over 2300"]
[Site "SchemingMind.com"]
[Date "2019.06.21"]
[Round "-"]
[White "Robert Bruce"]
[Black "Keithk"]
[Result "0-1"]
[WhiteCountry "SCO"]
[BlackCountry "ENG"]
[WhiteElo "2404"]
[WhiteRD "66"]
[BlackElo "2617"]
[BlackRD "74"]
[GameID "442646"]

1. d4 d5 2. Nf3 Nf6 3. e3 e6 4. Bd3 c5 5. b3 Nc6 6. O-O Bd6 7. Bb2 O-O 8. dxc5 Bxc5 9. Nbd2 Qe7 10. Qb1 Rd8
11. Rd1 h6 12. a3 a5 13. c4 dxc4 14. Nxc4 b6 15. Be2 Rxd1+ 16. Qxd1 Bb7 17. Ne1 Nd5 18. Nf3 b5 19. Ncd2 Na7 20. Qe1 b4
21. axb4 Bxb4 22. Rc1 Nf6 23. Qf1 Nc8 24. Qd1 Nd6 25. Bd3 Nd7 26. Bb1 Rd8 27. Rc7 Qe8 28. Qc1 e5 29. Qc2 Nf8 30. Nxe5 Nb5
31. Rxb7 Rxd2 32. Qc1 Qc8 33. Qxd2 Bxd2 34. Rxb5 f6 35. Nd3 Ne6 36. Kf1 Qc6 37. Rb8+ Kf7 38. Ba3 g5 39. Bb2 h5 40. Ke2 Bc3
41. Bxc3 Qxc3 42. g3 Nc5 43. Nxc5 Qb2+ 44. Kf3 Qxb1 45. Kg2 h4 46. Rb7+ Ke8 47. Rc7 Qf5 48. Kf1 h3 49. Ke2 Qc2+ 50. Ke1 Qb1+
51. Ke2 Qh1 52. Rc8+ Ke7 53. Rh8 Qc6 54. Rh7+ Kd8 55. Rh8+ Kc7 56. Rh7+ Kb6 57. Nd7+ Kb5 58. Nf8 Kb4 59. Rd7 Kxb3 60. Rd3+ Kb4
61. Rd7 a4 62. Rd4+ Kb5 63. e4 a3 64. Rd5+ Qxd5
0-1

[Event "the leisure version for good players over 2300"]
[Site "SchemingMind.com"]
[Date "2019.06.21"]
[Round "-"]
[White "Keithk"]
[Black "Robert Bruce"]
[Result "1-0"]
[WhiteCountry "ENG"]
[BlackCountry "SCO"]
[WhiteElo "2617"]
[WhiteRD "74"]
[BlackElo "2404"]
[BlackRD "66"]
[GameID "442647"]

1. e4 c5 2. Nf3 e6 3. d4 cxd4 4. Nxd4 a6 5. Nc3 b5 6. Bd3 Qb6 7. Nf3 Bc5 8. O-O Ne7 9. a4 b4 10. a5 Qc7
11. Na4 Ba7 12. c4 Nbc6 13. c5 Nxa5 14. Be3 Rb8 15. Nb6 Rxb6 16. cxb6 Bxb6 17. Bxb6 Qxb6 18. Be2 Qc7 19. Nd4 O-O 20. Qd2 Qb6
21. Qe3 Qc7 22. Rfd1 h6 23. Ra4 Nac6 24. Bxa6 Bxa6 25. Rxa6 Ne5 26. Raa1 N5g6 27. Rac1 Qb8 28. g3 d5 29. Re1 dxe4 30. Qxe4 Qd6
31. Nc6 Nxc6 32. Rxc6 Qd2 33. Rc2 Qd6 34. Rc4 Rb8 35. Rd4 Qb6 36. Ra1 Qc5 37. Kg2 Ne5 38. Re1 Qc6 39. f4 Qxe4+ 40. Rexe4 Nc6
41. Rd7 Kf8 42. Rd6 Na5 43. Red4 Rb7 44. Rd8+ Ke7 45. Rc8 Nb3 46. Rdc4 Kd6 47. Rd8+ Ke7 48. Rdc8 Kd6 49. h4 h5 50. Rd8+ Ke7
51. Rd3 Na1 52. b3 Rd7 53. Rxd7+ Kxd7 54. Rxb4 Nc2 55. Rb7+ Ke8 56. Kf3 Nd4+ 57. Ke4 Nf5 58. Ke5 g6 59. b4 Nxg3 60. b5 Nf5
61. b6 Ne3 62. Rc7
1-0

[Event "the leisure version for good players over 2300"]
[Site "SchemingMind.com"]
[Date "2019.06.26"]
[Round "-"]
[White "Apocalypse"]
[Black "William Lindberg"]
[Result "0-1"]
[WhiteCountry "USA"]
[BlackCountry "USA"]
[WhiteElo "2276"]
[WhiteRD "84"]
[BlackElo "2500"]
[BlackRD "63"]
[GameID "442687"]

1. e4 e5 2. Nf3 Nc6 3. d4 exd4 4. c3 dxc3 5. Bc4 cxb2 6. Bxb2 Nf6 7. Nc3 Bb4 8. Qc2 d6 9. O-O O-O 10. Nd5 Nxd5
11. exd5 Ne5 12. Nxe5 dxe5 13. Bxe5 Bd6 14. Bxd6 cxd6 15. Rfe1 Bd7 16. Qb2 Rc8 17. Bf1 Qc7 18. Re3 Rfe8 19. Rxe8+ Rxe8 20. Rc1 Qb8
21. h3 h6 22. Kh2 Rc8 23. Rd1 Rc7 24. Rd3 Bf5 25. Rg3 Qf8 26. f4 b6 27. Qf6 Bg6 28. Qd4 Rc5 29. a4 Rc1 30. Ba6 Re1
31. Bb5 Kh7 32. Qc3 Re7 33. Qb4 Re4 34. Qd2 Qc8 35. Rf3 Kh8
0-1

[Event "the leisure version for good players over 2300"]
[Site "SchemingMind.com"]
[Date "2019.06.26"]
[Round "-"]
[White "William Lindberg"]
[Black "Apocalypse"]
[Result "1-0"]
[WhiteCountry "USA"]
[BlackCountry "USA"]
[WhiteElo "2500"]
[WhiteRD "63"]
[BlackElo "2276"]
[BlackRD "84"]
[GameID "442688"]

1. e4 c5 2. Nf3 Nc6 3. Bb5 g6 4. O-O Bg7 5. Bxc6 bxc6 6. Re1 a5 7. e5 f6 8. d4 cxd4 9. Bf4 c5 10. c3 Bb7
11. cxd4 cxd4 12. Nxd4 fxe5 13. Bxe5 Bxe5 14. Rxe5 Nh6 15. Rb5 Bc6 16. Rc5 Qb6 17. Rc2 Bb7 18. Nc3 O-O 19. Na4 Qb4 20. Rc7 e5
21. Qb3+ Qxb3 22. Nxb3 Bc6 23. Nb6 Rab8 24. Nc4 a4 25. Nc5 Ng4 26. f3 Nf6 27. Nxe5 Bb5 28. Rc1 d6 29. Ned7 dxc5 30. Nxb8 Rxb8
31. R1xc5 Bd7 32. Rc2 Kf8 33. h4 Rb5 34. Kf2
1-0

[Event "the leisure version for good players over 2300"]
[Site "SchemingMind.com"]
[Date "2019.06.21"]
[Round "-"]
[White "Robert Bruce"]
[Black "William Lindberg"]
[Result "1/2-1/2"]
[WhiteCountry "SCO"]
[BlackCountry "USA"]
[WhiteElo "2428"]
[WhiteRD "76"]
[BlackElo "2488"]
[BlackRD "67"]
[GameID "442689"]

1. d4 Nf6 2. Nf3 d5 3. e3 e6 4. Bd3 b6 5. Qe2 Bb7 6. Nbd2 Ne4 7. Ne5 Bd6 8. Qf3 Ng5 9. Qf4 f6 10. h4 Ne4
11. Nxe4 dxe4 12. Bxe4 Bd5 13. Qg4 fxe5 14. dxe5 Bf8 15. Bxh7 Rxh7 16. Qg6+ Kd7 17. Qxh7 Kc8 18. f3 Nc6 19. Bd2 Nxe5 20. O-O-O Qe8
21. Bc3 Nc4 22. Rd4 Nd6 23. Rg4 e5 24. Rd1 Bf7 25. Rg5 Kb7 26. Rxe5 Qa4 27. b3 Qxa2 28. Rd4 Qa6 29. Rd3 Rc8 30. Rg5 Re8
31. Bxg7 Be7 32. Rg4 Bg8 33. Qh5 Bf7 34. Qh7 Bg8 35. Qh5 Bf7 36. Qe5 Bxb3 37. Rxb3 Qf1+ 38. Kb2 Nc4+ 39. Rxc4 Ba3+ 40. Rxa3 Rxe5
41. Rxc7+ Kxc7 42. Bxe5+ Kb7 43. f4 Qxg2 44. Rc3 Qh3 45. Bf6 Qe6 46. Be5 Qh3 47. Rc7+ Ka6 48. Bd4 Qxh4 49. f5 Qd8 50. Rc3 Kb7
51. f6 Qd5 52. Rb3 Qc4 53. Ra3 Qb5+ 54. Kc3 Qf1 55. Kb2 Qf5 56. Ra1 Qb5+ 57. Kc3 Qf5 58. Kd2 a5 59. c4 Kc7 60. Kc3 Kd7
61. Ra2 Qf1 62. Rb2 Qc1+ 63. Kd3 Qd1+ 64. Kc3 Qe1+ 65. Kd3 Qf1+ 66. Ke4 Qxc4 67. Rxb6 a4 68. Rb7+ Ke6 69. Re7+ Kd6 70. Kf5 Qc8+
71. Kf4 Qc4 72. Ra7 Qf1+ 73. Kg4 Qe2+ 74. Kg5 Qg2+ 75. Kf5 Qf3+ 76. Kg6 Qg4+ 77. Kh7 Qf5+ 78. Kh6 Qh3+ 79. Kg5 Qg3+ 80. Kh5 Qf3+
81. Kh4 Qe4+ 82. Kg5 Qg2+ 83. Kh6 Qh3+ 84. Kg7 Qg4+ 85. Kh8 Qc8+ 86. Kg7 Qg4+ 87. Kf7 Qe6+ 88. Kf8 Qc8+ 89. Kf7 Qe6+ 90. Kf8 Qc8+
91. Kg7 Qg4+ 92. Kf8=
1/2-1/2

[Event "the leisure version for good players over 2300"]
[Site "SchemingMind.com"]
[Date "2019.06.21"]
[Round "-"]
[White "William Lindberg"]
[Black "Robert Bruce"]
[Result "0-1"]
[WhiteCountry "USA"]
[BlackCountry "SCO"]
[WhiteElo "2488"]
[WhiteRD "67"]
[BlackElo "2428"]
[BlackRD "76"]
[GameID "442690"]

1. e4 c5 2. Nf3 a6 3. c4 e6 4. Nc3 Qc7 5. d4 cxd4 6. Qxd4 Nc6 7. Qe3 Nf6 8. Be2 Nb4 9. Qd2 Nc6 10. O-O Bb4
11. Qd3 d6 12. Na4 b5 13. a3 bxa4 14. axb4 Nxb4 15. Qc3 a5 16. Bg5 e5 17. Bxf6 gxf6 18. Bd1 Ke7 19. Bxa4 Rg8 20. Ra3 h5
21. Re1 Be6 22. Bb5 Qc5 23. Qd2 Nc6 24. g3 Bg4 25. Bxc6 Qxc6 26. Nh4 Rgb8 27. Ng2 Be6 28. Ne3 a4 29. Rc3 Kf8 30. Nd5 Kg7
31. Kg2 Qc5 32. Rec1 Qd4 33. Qe2 Rb7 34. Qf3 f5 35. exf5 Bxd5 36. cxd5 Qg4 37. R1c2 Qxf3+ 38. Kxf3 Rb5 39. Rd2 Ra6 40. Rc4 Rb3+
41. Kg2 Kf6 42. Rh4 Kg5 43. f4+ exf4 44. Rxf4 a3 45. bxa3 Raxa3 46. Rdf2 Rd3 47. Rc4 Ra8 48. Rc7 Rf8 49. f6 Rd4 50. h4+ Kg6
51. Rb7 Rd8 52. Rb5 Ra8 53. Kh2 Kh6 54. Rb7 Kg6 55. Rb5 Re8 56. Kg2 Rc8 57. Ra5 Rd3 58. Kh2 Rb8 59. Ra4 Rxd5 60. Kg2 Rd3
61. g4 d5 62. Raf4 d4 63. gxh5+ Kxh5 64. Rf5+ Kh6 65. Rg5 Rc3 66. Rg4 d3 67. Rd4 Kg6 68. Rf3 Rc2+ 69. Rf2 Rbb2 70. Rxd3 Rxf2+
71. Kg3 Rf5 72. Rd8 Rb4 73. Rg8+ Kxf6 74. Ra8 Rb3+ 75. Kg4 Rb4+ 76. Kg3 Rh5 77. Ra6+ Kg7 78. Rc6 Rhxh4 79. Kf2 Rb3 80. Kg2 Rg4+
81. Kf2 Rgg3 82. Rc1 Rbf3+ 83. Ke2 Rc3 84. Rb1 Rg2+ 85. Kf1 Rcc2 86. Rb5 Rcf2+ 87. Ke1 Kh6 88. Rb3 Ra2 89. Kf1 Kg5 90. Rf3 Rgc2
91. Rxf7 Rc1#
0-1

[Event "the leisure version for good players over 2300"]
[Site "SchemingMind.com"]
[Date "2019.06.21"]
[Round "-"]
[White "William Lindberg"]
[Black "Keithk"]
[Result "1/2-1/2"]
[WhiteCountry "USA"]
[BlackCountry "ENG"]
[WhiteElo "2482"]
[WhiteRD "63"]
[BlackElo "2550"]
[BlackRD "76"]
[GameID "442691"]

1. e4 e5 2. Nf3 Nc6 3. Bc4 Nf6 4. d3 Bc5 5. c3 d6 6. O-O O-O 7. Re1 a6 8. a4 Ba7 9. b4 Ne7 10. Nbd2 Ng6
11. d4 c6 12. h3 Re8 13. dxe5 dxe5 14. Qb3 Rf8 15. a5 Nh5 16. Bf1 Ng3 17. c4 Be6 18. Qc2 Nxf1 19. Nxf1 Qe7 20. Ng3 Rfd8
21. c5 f6 22. Nf5 Qd7 23. Nd6 Bb8 24. Rd1 Qe7 25. Nf5 Rxd1+ 26. Qxd1 Qd7 27. Qxd7 Bxd7 28. Nd6 Bc7 29. Be3 Be6 30. Rb1 Nh8
31. Nxb7 Nf7 32. Nd6 Nxd6 33. cxd6 Bxd6 34. Bc5 Rd8 35. Nh4 g6 36. Rd1 Bc7 37. Rxd8+ Bxd8 38. Nf3 Bc4 39. Nd2=
1/2-1/2

[Event "the leisure version for good players over 2300"]
[Site "SchemingMind.com"]
[Date "2019.06.21"]
[Round "-"]
[White "Keithk"]
[Black "William Lindberg"]
[Result "1/2-1/2"]
[WhiteCountry "ENG"]
[BlackCountry "USA"]
[WhiteElo "2586"]
[WhiteRD "74"]
[BlackElo "2464"]
[BlackRD "63"]
[GameID "442692"]

1. d4 d5 2. c4 e6 3. Nf3 Nf6 4. Nc3 dxc4 5. e4 Bb4 6. Bg5 h6 7. Bxf6 Qxf6 8. Bxc4 c5 9. e5 Qe7 10. O-O Bxc3
11. bxc3 O-O 12. Nd2 cxd4 13. cxd4 Nc6 14. Ne4 Qd8 15. Nd6 Qb6 16. Re1 Nxd4 17. Rb1 Qc5 18. Rc1 Qb6 19. Qd2 Nf5 20. Rb1 Qd4
21. Bd3 Bd7 22. Rbd1 Qb6 23. Rb1 Qd4 24. Rbd1 Rab8 25. Re2 Qh4 26. Bxf5 exf5 27. Qe3 Be6 28. Rd4 Qh5 29. Rb2 b6 30. h3 Qg6
31. Ra4 Ra8 32. f4 Kh7 33. Rc2 f6 34. Kh2 fxe5 35. Qxe5 Bg8 36. Rc7 Rf6 37. Nc8 Re6 38. Qc3 Qf6 39. Qd3 Bf7 40. Rd4 Rc6
41. Rxc6 Qxc6 42. Qxf5+ Qg6 43. Qxg6+ Kxg6 44. Ne7+ Kf6 45. Nd5+ Bxd5 46. Rxd5 Re8 47. a4 Re7 48. Rd4 Rb7=
1/2-1/2

[Event "the leisure version for good players over 2300"]
[Site "SchemingMind.com"]
[Date "2019.06.26"]
[Round "-"]
[White "Apocalypse"]
[Black "Corax"]
[Result "0-1"]
[WhiteCountry "USA"]
[BlackCountry "SWE"]
[WhiteElo "2243"]
[WhiteRD "91"]
[BlackElo "2485"]
[BlackRD "75"]
[GameID "442697"]

1. e4 c6 2. Nf3 d5 3. exd5 cxd5 4. Ne5 Nc6 5. d4 e6 6. Bb5 Bd7 7. Nxd7 Qxd7 8. c3 Bd6 9. O-O Nf6 10. Nd2 O-O
11. Re1 Qc7 12. Nf3 Ne4 13. g3 Rae8 14. c4 a6 15. Ba4 Qd8 16. Re2 Qf6 17. Kg2 h6 18. a3 Bb8 19. Bxc6 bxc6 20. Bd2 Rc8
21. Bb4 Rfd8 22. Rc1 Ng5 23. Ne1 Re8 24. Qd3 Qd8 25. Bd2 a5 26. c5 Ne4 27. Nc2 a4 28. Be3 Re7 29. f3 Nf6 30. Rb1 Ra7
31. b4 axb3
0-1

[Event "the leisure version for good players over 2300"]
[Site "SchemingMind.com"]
[Date "2019.06.26"]
[Round "-"]
[White "Corax"]
[Black "Apocalypse"]
[Result "1-0"]
[WhiteCountry "SWE"]
[BlackCountry "USA"]
[WhiteElo "2477"]
[WhiteRD "75"]
[BlackElo "2264"]
[BlackRD "93"]
[GameID "442698"]

1. e4 Nf6 2. e5 Nd5 3. c4 Nb6 4. a4 a5 5. d4 d6 6. exd6 exd6 7. Nc3 Nc6 8. Nf3 Be7 9. Be2 O-O 10. O-O h6
11. Re1 Bf6 12. Ne4 Bf5 13. Nxf6+ Qxf6 14. Bd2 Nxd4 15. Bc3 Nxe2+ 16. Rxe2 Qg6 17. Nh4 Qg5 18. Nxf5 Qxf5 19. Re7 Rac8 20. Qe2 Rfd8
21. h3 Nd7 22. Ra3 Kf8 23. Bxg7+ Kxg7 24. Rf3 h5 25. Rxf5
1-0

[Event "the leisure version for good players over 2300"]
[Site "SchemingMind.com"]
[Date "2019.06.26"]
[Round "-"]
[White "Robert Bruce"]
[Black "Corax"]
[Result "1/2-1/2"]
[WhiteCountry "SCO"]
[BlackCountry "SWE"]
[WhiteElo "2441"]
[WhiteRD "74"]
[BlackElo "2430"]
[BlackRD "81"]
[GameID "442699"]

1. d4 d5 2. Nf3 Nf6 3. e3 c6 4. c4 e6 5. Bd3 dxc4 6. Bxc4 c5 7. O-O a6 8. Bb3 Be7 9. Nc3 O-O 10. e4 cxd4
11. Nxd4 Bc5 12. Be3 Nbd7 13. Rc1 b5 14. f4 e5 15. fxe5 Nxe5 16. Nd5 Nxd5 17. Bxd5 Bg4 18. Qd2 Rc8 19. h3 Bd7 20. b3 Qe7
21. Kh1 Kh8 22. Rfd1 f6 23. Qe2 Rfd8 24. Bf4 Bb6=
1/2-1/2

[Event "the leisure version for good players over 2300"]
[Site "SchemingMind.com"]
[Date "2019.06.26"]
[Round "-"]
[White "Corax"]
[Black "Robert Bruce"]
[Result "1/2-1/2"]
[WhiteCountry "SWE"]
[BlackCountry "SCO"]
[WhiteElo "2430"]
[WhiteRD "81"]
[BlackElo "2441"]
[BlackRD "74"]
[GameID "442700"]

1. e4 c6 2. Nc3 d5 3. Nf3 Bg4 4. h3 Bxf3 5. Qxf3 e6 6. Be2 Nf6 7. O-O dxe4 8. Nxe4 Nxe4 9. Qxe4 Nd7 10. d4 Nf6
11. Qd3 Bd6 12. Rd1 h6 13. Bd2 O-O 14. Qf3 Rc8 15. c3 Qe7 16. a4 Rfd8 17. Bf1 c5 18. Be3 cxd4 19. Bxd4 b6 20. Ba6 Rb8
21. Bxf6=
1/2-1/2

[Event "the leisure version for good players over 2300"]
[Site "SchemingMind.com"]
[Date "2019.06.26"]
[Round "-"]
[White "William Lindberg"]
[Black "Corax"]
[Result "1/2-1/2"]
[WhiteCountry "USA"]
[BlackCountry "SWE"]
[WhiteElo "2500"]
[WhiteRD "63"]
[BlackElo "2427"]
[BlackRD "79"]
[GameID "442701"]

1. d4 Nf6 2. Nf3 d5 3. c4 e6 4. Nc3 Bb4 5. Bg5 dxc4 6. e4 h6 7. Bxf6 Qxf6 8. Bxc4 c5 9. e5 Qd8 10. O-O cxd4
11. Nxd4 O-O 12. Rc1 Bd7 13. Qg4 Qa5 14. Rfe1 Nc6 15. Nb3 Qc7 16. Bd3 Rfd8 17. Qe4 g6 18. Qf4 Be8 19. Bf1 Bf8 20. Ne4 Bg7
21. Nf6+ Bxf6 22. Qxf6 Qe7 23. Nc5 Qxf6 24. exf6 Rd2 25. Nxb7 Rb8 26. Nc5 Rbxb2 27. a3 Rd8 28. Red1 Rxd1 29. Rxd1 g5 30. Na6 Kf8
31. Nc5 Kg8 32. g3 Rb8 33. f4 gxf4 34. gxf4 e5 35. Na6 Rb2 36. Bg2 Nd4 37. fxe5 Ne2+ 38. Kf1 Nf4 39. Rd8 Nxg2 40. Rxe8+ Kh7
41. Nc5 Ne3+ 42. Ke1 Ng2+ 43. Kd1 Ne3+ 44. Ke1 Ng2+ 45. Kd1=
1/2-1/2

[Event "the leisure version for good players over 2300"]
[Site "SchemingMind.com"]
[Date "2019.06.26"]
[Round "-"]
[White "Corax"]
[Black "William Lindberg"]
[Result "1-0"]
[WhiteCountry "SWE"]
[BlackCountry "USA"]
[WhiteElo "2477"]
[WhiteRD "75"]
[BlackElo "2482"]
[BlackRD "63"]
[GameID "442702"]

1. d4 Nf6 2. Nf3 d5 3. c4 c6 4. e3 Bf5 5. Nc3 e6 6. Nh4 Bg6 7. Be2 dxc4 8. Nxg6 hxg6 9. Bxc4 Nbd7 10. h3 Qc7
11. Qe2 O-O-O 12. Bd2 Kb8 13. O-O-O a6 14. Kb1 b5 15. Bb3 c5 16. dxc5 Nxc5 17. Bc2 Be7 18. a3 Rd6 19. e4 Nfd7 20. Na2 Rd8
21. Bc3 Nb6 22. Bxg7 Rxd1+ 23. Rxd1 Rxd1+ 24. Qxd1 f6 25. f3 Nc4 26. Nb4 Kb7 27. Nd3 Nd7 28. Bh6 Bxa3 29. Bc1 Bd6 30. h4 Qb6
31. Nf4 Nf8 32. e5 Bxe5 33. Nxg6 Nxg6 34. Bxg6 f5 35. h5 Kc7 36. Bf7 f4 37. Be8 Qd6 38. Qxd6+ Kxd6 39. b3 Ke7 40. bxc4 Kxe8
41. c5 Kf7 42. Bb2 Bb8 43. Bc3 Bc7 44. Be1 a5 45. Bh4 a4 46. h6 Kg6 47. Be7 Ba5 48. Bf8 Kh7 49. c6 Bc7 50. Kb2 Kg8
51. Bc5 Kh7 52. Kc3 Ba5+ 53. Kd4 Bc7 54. Bf8 Kg6 55. Bb4 Kxh6 56. Kc5 Kg5 57. Kxb5 a3 58. Bxa3 Kh4 59. Ka6 Be5 60. Kb7 Kg3
61. Kc8 Bd4 62. Kd7 Bb6 63. Be7 e5 64. Bd8 Bxd8 65. Kxd8 Kxg2 66. c7 e4 67. fxe4 f3 68. c8=Q f2 69. Qg4+ Kh2 70. Qh4+ Kg2
71. Qxf2+
1-0

[Event "the leisure version for good players over 2300"]
[Site "SchemingMind.com"]
[Date "2019.06.26"]
[Round "-"]
[White "Keithk"]
[Black "Corax"]
[Result "1-0"]
[WhiteCountry "ENG"]
[BlackCountry "SWE"]
[WhiteElo "2618"]
[WhiteRD "75"]
[BlackElo "2419"]
[BlackRD "72"]
[GameID "442703"]

1. e4 e5 2. Nf3 Nc6 3. Bb5 a6 4. Ba4 Nf6 5. O-O b5 6. Bb3 Bc5 7. c3 d6 8. a4 Bb7 9. Re1 O-O 10. d4 Bb6
11. Bg5 h6 12. Bh4 exd4 13. cxd4 g5 14. Nxg5 hxg5 15. Bxg5 Nxd4 16. Bd5 Ne6 17. Bh4 Bxd5 18. exd5 Ng7 19. Qf3 Re8 20. Nc3 Rxe1+
21. Rxe1 Bd4 22. Ne4 Nge8 23. h3 bxa4 24. Nxf6+ Bxf6 25. Rxe8+ Qxe8 26. Bxf6 Qe1+ 27. Kh2 Qb1 28. h4 Re8 29. Bc3 Qh7 30. h5 Qh6
31. Qg4+ Kf8 32. Qf5 Rb8 33. Bf6 Re8 34. Kg3 Re2 35. f4 Re8 36. Kh4
1-0

[Event "the leisure version for good players over 2300"]
[Site "SchemingMind.com"]
[Date "2019.06.26"]
[Round "-"]
[White "Corax"]
[Black "Keithk"]
[Result "1/2-1/2"]
[WhiteCountry "SWE"]
[BlackCountry "ENG"]
[WhiteElo "2487"]
[WhiteRD "78"]
[BlackElo "2588"]
[BlackRD "73"]
[GameID "442704"]

1. d4 d5 2. c4 c6 3. Nc3 Nf6 4. Nf3 e6 5. e3 Nbd7 6. Bd2 Bd6 7. Bd3 O-O 8. O-O dxc4 9. Bxc4 e5 10. Qc2 h6
11. h3 Re8 12. dxe5= Nxe5 13. Nxe5 Bxe5 14. Rad1 Qe7 15. Bd3 Bd7 16. Ne2 c5 17. Bc3 Bc6 18. Rfe1 Bd6 19. Bxf6 Qxf6 20. Nc3 Be5
21. Be4 Bxc3 22. Bxc6 Bxe1 23. Bxe8 Bxf2+ 24. Qxf2 Rxe8 25. Qxf6 gxf6 26. Rd7 b6 27. Rxa7 Rxe3 28. Ra6 Re6 29. a4 Kg7 30. a5 bxa5
31. Rxa5 Re1+ 32. Kh2 Rc1 33. Rb5 c4 34. Kg3 Kg6 35. Rc5 Rc2 36. Kf3 f5 37. g3 Kf6 38. h4 Ke6 39. Kf4 Kd6 40. Rc8 Kd5
41. Rd8+ Ke6 42. Rc8 h5 43. Rc6+=
1/2-1/2

[Event "the leisure version for good players over 2300"]
[Site "SchemingMind.com"]
[Date "2019.07.05"]
[Round "-"]
[White "Apocalypse"]
[Black "frankly"]
[Result "0-1"]
[WhiteCountry "USA"]
[BlackCountry "ENG"]
[WhiteElo "2276"]
[WhiteRD "84"]
[BlackElo "2645"]
[BlackRD "74"]
[GameID "443013"]

1. e4 c5 2. b4 cxb4 3. Nf3 Nc6 4. a3 e5 5. Bb2 Qb6 6. Bd3 d6 7. O-O Be7 8. h3 Nf6 9. Re1 O-O 10. Bf1 bxa3
11. Bxa3 Re8 12. c4 Nd4 13. Nc3 Bd7 14. Rb1 Nxf3+ 15. Qxf3 Qc7 16. Be2 Bc6 17. Rb2 Nd7 18. Reb1 a6 19. g3 Qd8 20. Nd5 Nc5
21. Kg2 Ne6 22. Bb4 Nd4 23. Qd3 b5 24. Bd1 a5 25. Bc3 b4 26. Bxd4 exd4 27. Ra2 Qd7
0-1

[Event "the leisure version for good players over 2300"]
[Site "SchemingMind.com"]
[Date "2019.07.05"]
[Round "-"]
[White "frankly"]
[Black "Apocalypse"]
[Result "1-0"]
[WhiteCountry "ENG"]
[BlackCountry "USA"]
[WhiteElo "2645"]
[WhiteRD "74"]
[BlackElo "2276"]
[BlackRD "84"]
[GameID "443014"]

1. d4 f5 2. g3 Nf6 3. Bg2 g6 4. Nf3 Bg7 5. O-O O-O 6. c4 Nc6 7. Nc3 Rb8 8. d5 Na5 9. Qd3 c5 10. e4 d6
11. e5 Ng4 12. e6 Ne5 13. Nxe5 dxe5 14. Qe2 b6 15. Bd2 Ba6 16. b3 Nb7 17. a4 Nd6 18. Nb5 Ra8 19. Nxd6 exd6 20. h4 h5
21. a5 Qc7 22. Ra3 e4 23. f3 exf3 24. Bxf3 Be5 25. Kh2 bxa5 26. Bf4 Bf6 27. Bxh5
1-0

[Event "the leisure version for good players over 2300"]
[Site "SchemingMind.com"]
[Date "2019.07.01"]
[Round "-"]
[White "frankly"]
[Black "Robert Bruce"]
[Result "1-0"]
[WhiteCountry "ENG"]
[BlackCountry "SCO"]
[WhiteElo "2636"]
[WhiteRD "75"]
[BlackElo "2406"]
[BlackRD "65"]
[GameID "443015"]

1. e4 c5 2. Nf3 Nc6 3. d4 cxd4 4. Nxd4 Qc7 5. Nc3 e6 6. Be3 Nf6 7. Be2 a6 8. O-O h5 9. f4 d6 10. h3 Be7
11. a3 Bd7 12. Nb3 b5 13. Bf3 Rb8 14. Qe2 b4 15. axb4 Nxb4 16. Nd4 g6 17. Nb3 O-O 18. Qf2 e5 19. Kh1 Be6 20. fxe5 dxe5
21. Nc5 Bc4 22. Be2 Bxc5 23. Bxc5 Bxe2 24. Qxe2 Qxc5 25. Rxf6 Rb6 26. Rf2 Rd6 27. Rd1 Kh7 28. Rdf1 Kg7 29. Rf3 f6 30. Rg3 Kh6
31. Rgf3 Qc6 32. Kh2 Kg7 33. Rg3 Kf7 34. Nb1 Qxc2 35. Qe3 Qd3 36. Rxf6+ Kxf6 37. Qh6 Qxg3+ 38. Kxg3 Rdd8 39. Nc3 Rh8 40. Qc1 Kg7
41. Na4 Nd3 42. Qc7+ Kh6 43. Nb6 Rd4 44. Kh2 Rxe4 45. Nd5 Rd4 46. Nf6 Rdd8 47. Qe7 Rb8 48. b3 Rbf8 49. g4 hxg4 50. Nxg4+ Kh5
51. Kg3 g5 52. Qg7 e4 53. Nf6+ Rxf6 54. Qxf6 Rh6 55. Qf7+ Rg6 56. Qh7+ Rh6 57. Qxe4 Nf4 58. h4 gxh4+ 59. Kxf4
1-0